00327nam a22001337a 4500003000400000020001800004082001800022100002000040245005100060260003800111300000700149700001600156700002100172SGT a9786208427221 a617.645bD25G aGogne, Minakshi aDental Neglect in Children bAn Obscure Enigma bLambert Academic Publishingc2025 a70 aGupta, Anil aShekhar, Shrehya